[Event "DEM U14 2010"]
[Site "Oberhof GER"]
[Date "2010.05.25"]
[Round "4"]
[White "Koop, Thorben"]
[Black "Töws, Manuel"]
[Result "0-1"]
[Termination "normal"]
[Board "9"]
[WhiteElo "1868"]
[BlackElo "1910"]
[PlyCount "116"]
[WhiteFideId "24661619"]
[BlackFideId "24654485"]
[EventCountry "GER"]
[EventRounds "9"]
[EventType "swiss"]
[EventDate "2010.05.22"]

1. e4 c5 2. Nf3 d6 3. d4 cxd4 4. Nxd4 Nf6 5. Nc3 a6 6. Bc4 e6 7. Bb3 b5 8. Bg5
Be7 9. Qf3 Bb7 10. Bxe6 Qb6 11. Bxf6 Bxf6 12. Bd5 Bxd5 13. Nxd5 Qxd4 14. Nc7+
Ke7 15. e5 Qxe5+ 16. Kf1 Ra7 17. Re1 Rxc7 18. Rxe5+ dxe5 19. Qa3+ Ke6 20. Qb3+
Ke7 21. g3 Rd8 22. Qa3+ Ke8 23. c3 Rd2 24. Kg2 Be7 25. Qa5 Rc6 26. Re1 f6 27.
b3 Rc2 28. a4 bxa4 29. bxa4 R2xc3 30. Qd5 Kf8 31. Rb1 Rc8 32. Rb7 R3c7 33. Rb6
Bc5 34. Re6 a5 35. f4 exf4 36. gxf4 Bb4 37. Re2 h6 38. Qe6 Nd7 39. Qf5 Kg8 40.
Qg6 Nf8 41. Qd3 Rc3 42. Qd5+ Kh8 43. Qf7 R8c7 44. Qe8 R7c4 45. Rf2 Ra3 46. Qf7
Rc1 47. Rb2 Bc5 48. Rb3 Rxa4 49. Qc7 Ra2+ 50. Kf3 Rxh2 51. Rb8 Rc3+ 52. Ke4
Re2+ 53. Kd5 Rd2+ 54. Ke4 Re3+ 55. Kf5 Rd5+ 56. Kg4 h5+ 57. Kh4 Red3 58. Rb2
Ng6# 0-1

[Event "DEM U14 2010"]
[Site "Oberhof GER"]
[Date "2010.05.25"]
[Round "4"]
[White "Grötzbach, Julian"]
[Black "Nöttling, Dominik"]
[Result "1/2-1/2"]
[Termination "normal"]
[Board "10"]
[WhiteElo "1861"]
[BlackElo "1801"]
[PlyCount "120"]
[WhiteFideId "24600938"]
[BlackFideId "24672807"]
[EventCountry "GER"]
[EventRounds "9"]
[EventType "swiss"]
[EventDate "2010.05.22"]

1. e4 c5 2. Nf3 Nc6 3. d4 cxd4 4. Nxd4 g6 5. c4 Nf6 6. Nc3 d6 7. Be2 Nxd4 8.
Qxd4 Bg7 9. Be3 O-O 10. Qd2 Be6 11. O-O Qd7 12. f3 Rac8 13. b3 b6 14. Rac1 Qb7
15. Nd5 Nxd5 16. cxd5 Bd7 17. Bg5 Rxc1 18. Rxc1 Re8 19. Rc2 Bf8 20. Qc1 Rc8 21.
Kf1 Rxc2 22. Qxc2 h6 23. Be3 Bg7 24. a4 a6 25. Qd2 Kh7 26. Qc2 b5 27. a5 Qc8
28. Qxc8 Bxc8 29. Bb6 Bb7 30. Kf2 Be5 31. g3 e6 32. dxe6 fxe6 33. Ke3 d5 34.
Bd3 Bc3 35. Bc2 d4+ 36. Kd3 g5 37. Bd1 h5 38. Be2 Bc6 39. Bf1 Kg6 40. Bh3 Kf7
41. Bd8 b4 42. Ke2 g4 43. Bg2 Bb5+ 44. Kd1 d3 45. f4 Bc6 46. Bb6 Kg6 47. Bd8
Kf7 48. Bb6 Ke7 49. Bc5+ Kd7 50. Bb6 e5 51. f5 Ke7 52. Bc5+ Kf6 53. Bb6 Kg5 54.
Be3+ Kf6 55. Bb6 Kg7 56. Be3 Bb5 57. Bb6 h4 58. gxh4 Kh6 59. Bf1 Kh5 60. Be3
Bb2 1/2-1/2

[Event "DEM U14 2010"]
[Site "Oberhof GER"]
[Date "2010.05.25"]
[Round "4"]
[White "Brinkmann, Fabian"]
[Black "Galkin, Wladislaw"]
[Result "1-0"]
[Termination "normal"]
[Board "11"]
[WhiteElo "1726"]
[BlackElo "1940"]
[PlyCount "47"]
[WhiteFideId "24661414"]
[BlackFideId "4603192"]
[EventCountry "GER"]
[EventRounds "9"]
[EventType "swiss"]
[EventDate "2010.05.22"]

1. d4 d5 2. Bf4 Nf6 3. Nf3 e6 4. e3 Bd6 5. Bg3 O-O 6. Bd3 b6 7. Nbd2 Bb7 8. c3
Nbd7 9. Qc2 Re8 10. Ne5 h6 11. e4 Nh5 12. Nxd7 Nxg3 13. hxg3 Qxd7 14. e5 Bf8
15. g4 Qe7 16. f4 f6 17. Bh7+ Kh8 18. Qg6 fxe5 19. fxe5 Qg5 20. Qxg5 hxg5 21.
Bg6+ Kg8 22. Ke2 Ba6+ 23. Kf2 Ba3 24. bxa3 1-0

[Event "DEM U14 2010"]
[Site "Oberhof GER"]
[Date "2010.05.25"]
[Round "4"]
[White "Holle, Cedric"]
[Black "Cech, Tim"]
[Result "1-0"]
[Termination "normal"]
[Board "12"]
[WhiteElo "1733"]
[BlackElo "1807"]
[PlyCount "57"]
[WhiteFideId "24692158"]
[BlackFideId "1270258"]
[EventCountry "GER"]
[EventRounds "9"]
[EventType "swiss"]
[EventDate "2010.05.22"]

1. e4 e6 2. d4 d5 3. e5 c5 4. c3 Nc6 5. Nf3 Qb6 6. Be2 Nh6 7. O-O Nf5 8. g4 Nh6
9. h3 Be7 10. dxc5 Bxc5 11. b4 Be7 12. Be3 Qc7 13. Nbd2 Bd7 14. Bf4 O-O-O 15.
b5 Na5 16. c4 dxc4 17. Bxc4 Nxc4 18. Nxc4 Bxb5 19. Nd6+ Bxd6 20. exd6 Qb6 21.
Rb1 Qa6 22. Qc2+ Qc6 23. Rfc1 Kb8 24. Qxc6 Bxc6 25. Rxc6 Ka8 26. Rc7 b6 27. d7
f6 28. Nd4 e5 29. Nc6 1-0

[Event "DEM U14 2010"]
[Site "Oberhof GER"]
[Date "2010.05.25"]
[Round "4"]
[White "Schreiber, Kevin"]
[Black "Krause, Benedict"]
[Result "1-0"]
[Termination "normal"]
[Board "13"]
[WhiteElo "1674"]
[BlackElo "1827"]
[PlyCount "75"]
[WhiteFideId "24655830"]
[BlackFideId "12917990"]
[EventCountry "GER"]
[EventRounds "9"]
[EventType "swiss"]
[EventDate "2010.05.22"]

1. d4 d5 2. Bf4 e6 3. e3 Bd6 4. Bxd6 Qxd6 5. Qg4 g6 6. Nd2 Nd7 7. Qg3 Qxg3 8.
hxg3 Ngf6 9. Ngf3 a6 10. O-O-O Ng4 11. Re1 Nxf2 12. Rh4 Nf6 13. Ng5 N2g4 14. e4
dxe4 15. Ndxe4 h5 16. Nxf6+ Nxf6 17. Rf4 Nh7 18. Nxf7 O-O 19. Ne5 g5 20. Rxf8+
Kxf8 21. Bd3 Nf6 22. Nf3 g4 23. Ng5 Kg7 24. Nxe6+ Bxe6 25. Rxe6 Re8 26. Rxe8
Nxe8 27. Kd2 Kf6 28. Ke3 Nd6 29. Kf4 b5 30. a4 c6 31. b3 a5 32. Be4 Nxe4 33.
Kxe4 Kg5 34. c4 bxa4 35. bxa4 Kf6 36. d5 cxd5+ 37. Kxd5 h4 38. gxh4 1-0

[Event "DEM U14 2010"]
[Site "Oberhof GER"]
[Date "2010.05.25"]
[Round "4"]
[White "Knopf, Felix"]
[Black "Buchberger, Sascha"]
[Result "1-0"]
[Termination "normal"]
[Board "14"]
[WhiteElo "1745"]
[BlackElo "1736"]
[PlyCount "91"]
[WhiteFideId "24692204"]
[BlackFideId "24690180"]
[EventCountry "GER"]
[EventRounds "9"]
[EventType "swiss"]
[EventDate "2010.05.22"]

1. d4 Nf6 2. Nf3 c5 3. d5 d6 4. Nc3 g6 5. Bf4 Bg7 6. h3 O-O 7. e4 b5 8. e5 dxe5
9. Bxe5 b4 10. Nb5 Nxd5 11. Bc4 Bb7 12. Bxd5 Bxd5 13. Nc7 Bxe5 14. Nxe5 Qxc7
15. Qxd5 Na6 16. O-O Rad8 17. Qe4 Rd4 18. Qe2 Qd6 19. Nc4 Qf6 20. Rfe1 Re8 21.
Rad1 Nb8 22. Rxd4 cxd4 23. Qe5 Qxe5 24. Rxe5 f6 25. Rb5 Na6 26. Rd5 e5 27. Rd6
Rc8 28. b3 Nc5 29. Rxf6 Kg7 30. Rd6 Ne4 31. Rd7+ Kf6 32. Rxa7 Nc3 33. Ra6+ Kg5
34. Ra5 Rxc4 35. bxc4 Kf4 36. c5 e4 37. c6 d3 38. cxd3 exd3 39. c7 d2 40. c8=Q
d1=Q+ 41. Kh2 Nd5 42. Qc4+ Ke5 43. f4+ Kd6 44. Ra6+ Ke7 45. Qc5+ Kf7 46. Rd6
1-0

[Event "DEM U14 2010"]
[Site "Oberhof GER"]
[Date "2010.05.25"]
[Round "5"]
[White "Svane, Rasmus"]
[Black "Carow, Johannes"]
[Result "1/2-1/2"]
[Termination "normal"]
[Board "1"]
[WhiteElo "2157"]
[BlackElo "1939"]
[PlyCount "38"]
[WhiteFideId "4657101"]
[BlackFideId "24692050"]
[EventCountry "GER"]
[EventRounds "9"]
[EventType "swiss"]
[EventDate "2010.05.22"]

1. e4 c5 2. Nf3 e6 3. Nc3 a6 4. d4 cxd4 5. Nxd4 Qc7 6. Bd3 Nf6 7. O-O Bc5 8.
Nb3 Be7 9. a4 Nc6 10. f4 d6 11. Be3 b6 12. Qf3 h5 13. Rae1 Nb4 14. Nd2 Ng4 15.
Nc4 Nxe3 16. Nxe3 Bb7 17. Qh3 Rh6 18. f5 Bg5 19. Qg3 Bf6 1/2-1/2

[Event "DEM U14 2010"]
[Site "Oberhof GER"]
[Date "2010.05.25"]
[Round "5"]
[White "Gibicar, Danijel"]
[Black "Wagner, Dennis"]
[Result "0-1"]
[Termination "normal"]
[Board "2"]
[WhiteElo "1965"]
[BlackElo "2112"]
[PlyCount "66"]
[WhiteFideId "24660256"]
[BlackFideId "24650684"]
[EventCountry "GER"]
[EventRounds "9"]
[EventType "swiss"]
[EventDate "2010.05.22"]

1. d4 Nf6 2. c4 c5 3. d5 b5 4. cxb5 a6 5. bxa6 g6 6. Nc3 Bxa6 7. g3 Bg7 8. Bg2
d6 9. Nf3 Nbd7 10. Rb1 Qa5 11. O-O O-O 12. Re1 Rfb8 13. e4 Ng4 14. Qc2 Nge5 15.
Nxe5 Nxe5 16. Rd1 Nc4 17. Bd2 Nxd2 18. Qxd2 Bc4 19. Rdc1 Bxa2 20. Ra1 Qb4 21.
Qg5 Bf6 22. Qe3 Qxb2 23. Rxa2 Rxa2 24. Nxa2 Qxa2 25. h4 Bd4 26. Qf3 Rb2 27. Rf1
c4 28. Bh3 c3 29. h5 Rxf2 30. Rxf2 Qxf2+ 31. Qxf2 Bxf2+ 32. Kxf2 c2 33. hxg6
hxg6 0-1

[Event "DEM U14 2010"]
[Site "Oberhof GER"]
[Date "2010.05.25"]
[Round "5"]
[White "Eigemann, Frederik"]
[Black "Lampert, Jonas"]
[Result "1/2-1/2"]
[Termination "normal"]
[Board "3"]
[WhiteElo "1929"]
[BlackElo "2107"]
[PlyCount "65"]
[WhiteFideId "24692034"]
[BlackFideId "1303759"]
[EventCountry "GER"]
[EventRounds "9"]
[EventType "swiss"]
[EventDate "2010.05.22"]

1. d4 d5 2. c4 c6 3. Nf3 Nf6 4. Nbd2 Bf5 5. Nh4 Bg6 6. Qb3 Qc7 7. g3 e6 8. Nxg6
hxg6 9. Bg2 Nbd7 10. O-O Be7 11. e4 dxe4 12. Nxe4 Nxe4 13. Bxe4 O-O 14. Be3
Rac8 15. Rac1 Rfd8 16. Rfd1 b6 17. Bf4 Bd6 18. Bg5 Re8 19. Bg2 c5 20. Qd3 Nb8
21. dxc5 Bxc5 22. Rc2 a5 23. Bf4 e5 24. Bg5 Nc6 25. Bxc6 Qxc6 26. Qd5 Bd4 27.
Qxc6 Rxc6 28. b3 Rd6 29. Rcd2 f6 30. Be3 Red8 31. Kf1 Kf7 32. h4 R6d7 33. Rd3
1/2-1/2

[Event "DEM U14 2010"]
[Site "Oberhof GER"]
[Date "2010.05.25"]
[Round "5"]
[White "Blübaum, Matthias"]
[Black "Grötzbach, Julian"]
[Result "1-0"]
[Termination "normal"]
[Board "4"]
[WhiteElo "2091"]
[BlackElo "1861"]
[PlyCount "49"]
[WhiteFideId "24651516"]
[BlackFideId "24600938"]
[EventCountry "GER"]
[EventRounds "9"]
[EventType "swiss"]
[EventDate "2010.05.22"]

1. d4 Nf6 2. c4 g6 3. Nc3 Bg7 4. e4 d6 5. Nf3 O-O 6. Be2 e5 7. Be3 Ng4 8. Bg5
f6 9. Bc1 Nc6 10. d5 Nd4 11. Nxd4 exd4 12. Nb5 Ne5 13. Nxd4 f5 14. f4 fxe4 15.
fxe5 dxe5 16. Nb3 e3 17. Bxe3 Qh4+ 18. Kd2 c6 19. d6 Be6 20. g3 Qd8 21. Kc2 a5
22. Nc5 Bh3 23. Bg4 Bxg4 24. Qxg4 Re8 25. Nxb7 1-0

[Event "DEM U14 2010"]
[Site "Oberhof GER"]
[Date "2010.05.25"]
[Round "5"]
[White "Kyas, Philipp"]
[Black "Töws, Manuel"]
[Result "1-0"]
[Termination "normal"]
[Board "5"]
[WhiteElo "2015"]
[BlackElo "1910"]
[PlyCount "119"]
[WhiteFideId "24670936"]
[BlackFideId "24654485"]
[EventCountry "GER"]
[EventRounds "9"]
[EventType "swiss"]
[EventDate "2010.05.22"]

1. d4 Nf6 2. c4 e6 3. Nc3 Bb4 4. Qc2 O-O 5. Bg5 b6 6. e4 h6 7. Bh4 g5 8. Bg3
Bb7 9. Bd3 d6 10. Nge2 Nbd7 11. a3 Bxc3+ 12. Nxc3 e5 13. d5 Nh5 14. Nd1 Ng7 15.
Ne3 Nc5 16. h4 Nxd3+ 17. Qxd3 Bc8 18. hxg5 hxg5 19. O-O-O f5 20. exf5 Bxf5 21.
Nxf5 Nxf5 22. Rh3 Qf6 23. Rdh1 Rad8 24. f3 Rf7 25. Be1 Kf8 26. Bd2 Ke7 27. Kb1
Kd7 28. Ka2 Kc8 29. Rh7 Rxh7 30. Rxh7 Qg6 31. Rh1 Rg8 32. b4 Ne7 33. Qxg6 Rxg6
34. g4 Rg7 35. Rh5 Rf7 36. Bxg5 Ng6 37. Rh6 Ne7 38. Re6 Nxd5 39. cxd5 Rxf3 40.
Re8+ Kb7 41. Bc1 Rg3 42. g5 Ka6 43. Re7 Kb5 44. Rxc7 a5 45. bxa5 bxa5 46. Rc8
e4 47. Re8 Rg4 48. Rg8 Kc4 49. g6 Rg2+ 50. Bb2 e3 51. g7 e2 52. Re8 Kd3 53. Kb3
a4+ 54. Kxa4 Kd2 55. Kb5 e1=Q 56. Rxe1 Kxe1 57. Kc6 Rg6 58. a4 Kd2 59. a5 Kc2
60. Bf6 1-0

[Event "DEM U14 2010"]
[Site "Oberhof GER"]
[Date "2010.05.25"]
[Round "5"]
[White "Stahnecker, Ludwig"]
[Black "Holle, Cedric"]
[Result "1-0"]
[Termination "normal"]
[Board "6"]
[WhiteElo "1991"]
[BlackElo "1733"]
[PlyCount "31"]
[WhiteFideId "24692026"]
[BlackFideId "24692158"]
[EventCountry "GER"]
[EventRounds "9"]
[EventType "swiss"]
[EventDate "2010.05.22"]

1. e4 e6 2. d4 d5 3. Nc3 Nf6 4. Bg5 Be7 5. e5 Nfd7 6. Bxe7 Qxe7 7. f4 a6 8. Nf3
c5 9. dxc5 Nc6 10. Bd3 Qxc5 11. Qd2 b5 12. O-O-O Nb6 13. Rhe1 O-O 14. Bxh7+
Kxh7 15. Ng5+ Kh6 16. Qd3 1-0

[Event "DEM U14 2010"]
[Site "Oberhof GER"]
[Date "2010.05.25"]
[Round "5"]
[White "Moritz, Aron"]
[Black "Brinkmann, Fabian"]
[Result "1-0"]
[Termination "normal"]
[Board "7"]
[WhiteElo "2024"]
[BlackElo "1726"]
[PlyCount "101"]
[WhiteFideId "24672319"]
[BlackFideId "24661414"]
[EventCountry "GER"]
[EventRounds "9"]
[EventType "swiss"]
[EventDate "2010.05.22"]

1. e4 c6 2. d4 d5 3. exd5 cxd5 4. Bd3 Nf6 5. c3 Nc6 6. Bf4 g6 7. h3 Bg7 8. Nf3
O-O 9. O-O Bf5 10. Bxf5 gxf5 11. Nbd2 e6 12. Re1 Rc8 13. Nh2 Ne7 14. Be3 Ng6
15. f4 Bh6 16. Qf3 Qd6 17. Rf1 Kh8 18. Kh1 Rg8 19. g4 Bf8 20. Rg1 Qc7 21. Raf1
Bd6 22. Qf2 Ne4 23. Nxe4 dxe4 24. h4 Ne7 25. g5 Nd5 26. Rg3 Rg7 27. Bd2 Qc6 28.
Qg2 Qc7 29. Qf2 Qc6 30. Rg2 Rcg8 31. b3 b5 32. Rc1 Rc8 33. c4 bxc4 34. bxc4 Nb4
35. d5 Qd7 36. dxe6 fxe6 37. Bc3 Nd3 38. Qd4 Nxc1 39. h5 Nd3 40. h6 e5 41.
hxg7+ Kxg7 42. fxe5 Nxe5 43. Rd2 Kf7 44. Qxd6 Qxd6 45. Rxd6 Nxc4 46. Rd7+ Ke6
47. Rxh7 Ne3 48. Bd2 Nd1 49. Nf1 Nf2+ 50. Kg2 Nd3 51. Kg3 1-0

[Event "DEM U14 2010"]
[Site "Oberhof GER"]
[Date "2010.05.25"]
[Round "5"]
[White "Kvetny, Mark"]
[Black "Takeuchi, Eiki"]
[Result "1-0"]
[Termination "normal"]
[Board "8"]
[WhiteElo "1916"]
[BlackElo "1850"]
[PlyCount "49"]
[WhiteFideId "24603929"]
[BlackFideId "24663751"]
[EventCountry "GER"]
[EventRounds "9"]
[EventType "swiss"]
[EventDate "2010.05.22"]

1. d4 Nf6 2. c4 e6 3. Nc3 Bb4 4. Qc2 O-O 5. a3 Bxc3+ 6. Qxc3 d5 7. Bg5 c6 8. e3
Nbd7 9. Nf3 Re8 10. Bd3 Nf8 11. h4 h6 12. Bf4 Nh5 13. Bh2 f5 14. O-O-O Bd7 15.
Ne5 b5 16. c5 a5 17. Qc2 Nf6 18. b3 b4 19. a4 Ne4 20. Bxe4 fxe4 21. f3 exf3 22.
gxf3 Nh7 23. Rdg1 Ra7 24. Rxg7+ Kxg7 25. Qg6+ 1-0

[Event "DEM U14 2010"]
[Site "Oberhof GER"]
[Date "2010.05.25"]
[Round "5"]
[White "Xu, Xianliang"]
[Black "Urban, Lars"]
[Result "1-0"]
[Termination "normal"]
[Board "9"]
[WhiteElo "1995"]
[BlackElo "1835"]
[PlyCount "72"]
[WhiteFideId "4603230"]
[BlackFideId "4644034"]
[EventCountry "GER"]
[EventRounds "9"]
[EventType "swiss"]
[EventDate "2010.05.22"]

1. e4 e6 2. Nf3 d5 3. Nc3 Nf6 4. e5 Nfd7 5. d4 c5 6. dxc5 Nc6 7. Bf4 Bxc5 8.
Bd3 f6 9. exf6 Nxf6 10. Qe2 O-O 11. O-O-O a6 12. Ne5 Bd4 13. Nxc6 bxc6 14. Be5
Bxe5 15. Qxe5 c5 16. g4 Bd7 17. Rhg1 c4 18. Be2 Kh8 19. g5 Ng8 20. h4 Ne7 21.
h5 Nc6 22. Qg3 Rb8 23. h6 g6 24. Nxd5 exd5 25. Qc3+ d4 26. Rxd4 Qa5 27. Qxa5
Nxa5 28. Rxd7 Rxf2 29. Bg4 Nc6 30. Re1 Rbf8 31. Re6 Nd8 32. Rxa6 Nf7 33. Ra5
Re8 34. Be6 Nxh6 35. gxh6 Rh2 36. Bxc4 Rxh6 1-0

[Event "DEM U14 2010"]
[Site "Oberhof GER"]
[Date "2010.05.25"]
[Round "5"]
[White "Nöttling, Dominik"]
[Black "Yankelevich, Lev"]
[Result "0-1"]
[Termination "normal"]
[Board "10"]
[WhiteElo "1801"]
[BlackElo "1926"]
[PlyCount "74"]
[WhiteFideId "24672807"]
[BlackFideId "24684074"]
[EventCountry "GER"]
[EventRounds "9"]
[EventType "swiss"]
[EventDate "2010.05.22"]

1. e4 Nf6 2. e5 Nd5 3. c4 Nb6 4. d4 d6 5. exd6 exd6 6. Nc3 Be7 7. Bd3 Nc6 8.
Nf3 Bg4 9. Be4 O-O 10. b3 f5 11. Bxc6 bxc6 12. Bb2 Bf6 13. O-O Nc8 14. d5 c5
15. Na4 Ne7 16. h3 Bh5 17. Qd3 Ng6 18. g3 Qd7 19. Rae1 Bxb2 20. Nxb2 f4 21. Ng5
h6 22. Ne6 Ne5 23. Rxe5 dxe5 24. g4 Bf7 25. Nxf8 Rxf8 26. Qe4 Qd6 27. f3 Bg6
28. Qe2 e4 29. fxe4 Re8 30. Nd3 Rxe4 31. Qh2 Qf6 32. Qf2 f3 33. Qxf3 Qd4+ 34.
Rf2 Re3 35. Qf8+ Kh7 36. Nf4 Rf3 37. Nxg6 Qxf2+ 0-1

[Event "DEM U14 2010"]
[Site "Oberhof GER"]
[Date "2010.05.25"]
[Round "5"]
[White "Schreiber, Kevin"]
[Black "Koop, Thorben"]
[Result "1/2-1/2"]
[Termination "normal"]
[Board "11"]
[WhiteElo "1674"]
[BlackElo "1868"]
[PlyCount "66"]
[WhiteFideId "24655830"]
[BlackFideId "24661619"]
[EventCountry "GER"]
[EventRounds "9"]
[EventType "swiss"]
[EventDate "2010.05.22"]

1. d4 Nf6 2. Bf4 d6 3. e3 g6 4. Be2 c5 5. c3 Nbd7 6. Nf3 Nh5 7. Bg5 h6 8. Bh4
g5 9. Nfd2 Ng7 10. Bg3 Nf5 11. Ne4 Qb6 12. Qb3 Qxb3 13. axb3 cxd4 14. exd4 d5
15. Ned2 Nxg3 16. hxg3 Bg7 17. Na3 a6 18. Nc2 Nb6 19. Ne3 Bd7 20. Bf3 e6 21.
O-O O-O 22. Ra5 Rac8 23. Re1 Rfe8 24. Ng4 f6 25. Ne3 Bc6 26. Bh5 Red8 27. Raa1
Be8 28. Bxe8 Rxe8 29. Kf1 Kf7 30. Re2 Kg6 31. g4 h5 32. gxh5+ Kxh5 33. g4+ Kg6
1/2-1/2

[Event "DEM U14 2010"]
[Site "Oberhof GER"]
[Date "2010.05.25"]
[Round "5"]
[White "Knopf, Felix"]
[Black "Neef, Maximilian"]
[Result "1/2-1/2"]
[Termination "normal"]
[Board "12"]
[WhiteElo "1745"]
[BlackElo "2040"]
[PlyCount "88"]
[WhiteFideId "24692204"]
[BlackFideId "24692085"]
[EventCountry "GER"]
[EventRounds "9"]
[EventType "swiss"]
[EventDate "2010.05.22"]

1. d4 e6 2. c4 f5 3. Nc3 Nf6 4. Nf3 d5 5. Bf4 c6 6. e3 Be7 7. Qc2 O-O 8. Bd3
Bd7 9. O-O Be8 10. cxd5 cxd5 11. Qb3 b6 12. Nb5 Bxb5 13. Bxb5 a6 14. Bd3 Nh5
15. Be5 g5 16. Rac1 g4 17. Bc7 Qe8 18. Ne5 b5 19. a3 Nd7 20. Rc2 Nxe5 21. Bxe5
Rc8 22. Rfc1 Rc4 23. Bxc4 dxc4 24. Qc3 Nf6 25. Bxf6 Rxf6 26. e4 fxe4 27. Qg3
Qg6 28. Re2 Qg5 29. Rce1 Rf4 30. Qc3 Qd5 31. Qc2 Qxd4 32. Rxe4 Rxe4 33. Rxe4
Qd5 34. Rxg4+ Kh8 35. h3 Bf6 36. Re4 Qf5 37. Qe2 e5 38. Qg4 Qxg4 39. hxg4 Kg7
40. g5 Bxg5 41. Rxe5 Kf6 42. Re2 Kf5 43. g3 Bf6 44. f3 h5 1/2-1/2

[Event "DEM U14 2010"]
[Site "Oberhof GER"]
[Date "2010.05.25"]
[Round "5"]
[White "Galkin, Wladislaw"]
[Black "Cech, Tim"]
[Result "1/2-1/2"]
[Termination "normal"]
[Board "13"]
[WhiteElo "1940"]
[BlackElo "1807"]
[PlyCount "90"]
[WhiteFideId "4603192"]
[BlackFideId "1270258"]
[EventCountry "GER"]
[EventRounds "9"]
[EventType "swiss"]
[EventDate "2010.05.22"]

1. d4 c5 2. d5 e6 3. e4 exd5 4. exd5 d6 5. c4 Nf6 6. Nc3 Be7 7. Nf3 Bg4 8. h3
Bh5 9. Be2 O-O 10. O-O Nbd7 11. a4 Re8 12. Bf4 Bf8 13. Qc2 Bxf3 14. Bxf3 Ne5
15. Be2 g6 16. Rfe1 Bg7 17. Bf1 Nfd7 18. Bg3 Nb6 19. a5 Nc8 20. f4 Nd7 21.
Rxe8+ Qxe8 22. Re1 Qd8 23. f5 Ne5 24. Bxe5 Bxe5 25. Rxe5 dxe5 26. Ne4 b6 27.
Qf2 Nd6 28. Nxd6 Qxd6 29. Bd3 Qf6 30. g4 Re8 31. Be4 g5 32. a6 Kg7 33. Qc2 h6
34. Qa4 Rd8 35. Kf2 Qd6 36. Ke3 Qd7 37. Qb3 f6 38. Kd3 Rb8 39. Qb5 Qxb5 40.
cxb5 Kf8 41. Kc4 Ke7 42. b3 Kd6 43. Kd3 Rh8 44. Bf3 Rh7 45. Ke4 Rh8 1/2-1/2

[Event "DEM U14 2010"]
[Site "Oberhof GER"]
[Date "2010.05.25"]
[Round "5"]
[White "Krause, Benedict"]
[Black "Buchberger, Sascha"]
[Result "1-0"]
[Termination "normal"]
[Board "14"]
[WhiteElo "1827"]
[BlackElo "1736"]
[PlyCount "79"]
[WhiteFideId "12917990"]
[BlackFideId "24690180"]
[EventCountry "GER"]
[EventRounds "9"]
[EventType "swiss"]
[EventDate "2010.05.22"]

1. e4 e5 2. Nf3 Nc6 3. d4 exd4 4. Nxd4 Qh4 5. Nc3 Bb4 6. Ndb5 Qxe4+ 7. Be2 Kd8
8. O-O Bxc3 9. bxc3 a6 10. Nd4 Nxd4 11. cxd4 d6 12. c4 h5 13. c5 Qg6 14. Ba3 d5
15. Bf3 Bg4 16. Rb1 Rb8 17. Qb3 Bxf3 18. Qxf3 Ne7 19. Rb3 Qf5 20. Qe3 Rh6 21.
Rfb1 Re6 22. Qd2 Kc8 23. Qb2 Qe4 24. g3 Nc6 25. Rxb7 Qxb1+ 26. Qxb1 Rxb7 27.
Qd3 Na5 28. Kg2 Nc4 29. Bc1 c6 30. Qh7 Kb8 31. Qxg7 Ka7 32. Qg5 Re4 33. Be3 Rb2
34. Kf3 Nxe3 35. fxe3 Rxh2 36. Qf6 Kb7 37. Qxf7+ Kc8 38. Qf8+ Kb7 39. Qd8 Rxa2
40. Qb6+ 1-0

[Event "DEM U14 2010"]
[Site "Oberhof GER"]
[Date "2010.05.27"]
[Round "7"]
[White "Svane, Rasmus"]
[Black "Wagner, Dennis"]
[Result "1/2-1/2"]
[Termination "normal"]
[Board "1"]
[WhiteElo "2157"]
[BlackElo "2112"]
[PlyCount "110"]
[WhiteFideId "4657101"]
[BlackFideId "24650684"]
[EventCountry "GER"]
[EventRounds "9"]
[EventType "swiss"]
[EventDate "2010.05.22"]

1. d4 Nf6 2. Nf3 e6 3. c4 Bb4+ 4. Nbd2 b6 5. g3 Bb7 6. Bg2 O-O 7. O-O Be7 8. b3
d6 9. Bb2 Nbd7 10. Re1 c5 11. e4 cxd4 12. Nxd4 Qc7 13. Qe2 a6 14. f4 Nc5 15. a4
a5 16. Nb5 Qb8 17. Rad1 Nfd7 18. g4 Qc8 19. g5 e5 20. f5 Bxg5 21. Nxd6 Qc6 22.
Nf3 Bf4 23. Nxb7 Qxb7 24. Qc2 Rfe8 25. Bc1 Bxc1 26. Rxc1 Nf6 27. Rcd1 Qc7 28.
Nd2 Rad8 29. Nb1 Rxd1 30. Rxd1 Rd8 31. Nc3 Rxd1+ 32. Qxd1 Qd7 33. Nd5 Kf8 34.
Qc2 Qd6 35. h3 h6 36. Kf2 Na6 37. Kg3 Nb4 38. Qf2 Nbxd5 39. cxd5 Nd7 40. Bf1
Nc5 41. Qe3 Ke7 42. h4 Nb7 43. Qc3 Nc5 44. Qe3 Nd7 45. Bb5 Qc5 46. Qe1 Nf6 47.
Kf3 Kd6 48. Bc4 Nh5 49. Bb5 Nf4 50. Bc4 Qd4 51. Qc1 Qc5 52. Qe1 Nh5 53. Qc1 Nf6
54. Qb2 Nd7 55. Qg2 Qd4 1/2-1/2

[Event "DEM U14 2010"]
[Site "Oberhof GER"]
[Date "2010.05.27"]
[Round "7"]
[White "Blübaum, Matthias"]
[Black "Kvetny, Mark"]
[Result "1/2-1/2"]
[Termination "normal"]
[Board "2"]
[WhiteElo "2091"]
[BlackElo "1916"]
[PlyCount "66"]
[WhiteFideId "24651516"]
[BlackFideId "24603929"]
[EventCountry "GER"]
[EventRounds "9"]
[EventType "swiss"]
[EventDate "2010.05.22"]

1. d4 Nf6 2. c4 e6 3. Nc3 Bb4 4. Qc2 c5 5. dxc5 Bxc5 6. Nf3 Qc7 7. Bg5 a6 8. e3
Be7 9. Be2 d6 10. O-O Nbd7 11. Rad1 O-O 12. Rd2 b6 13. Rfd1 Bb7 14. Bf4 Ne5 15.
Nxe5 dxe5 16. Bg5 Rad8 17. Rxd8 Rxd8 18. Rxd8+ Qxd8 19. Qd3 Qxd3 20. Bxd3 Bc6
21. a3 Kf8 22. Kf1 h6 23. Bh4 g5 24. Bg3 Nd7 25. f3 Bc5 26. Ke2 f5 27. e4 f4
28. Bf2 Bd4 29. Bxd4 exd4 30. Na2 a5 31. b4 Ke7 32. Nc1 e5 33. Bc2 Kd6 1/2-1/2

[Event "DEM U14 2010"]
[Site "Oberhof GER"]
[Date "2010.05.27"]
[Round "7"]
[White "Carow, Johannes"]
[Black "Moritz, Aron"]
[Result "1/2-1/2"]
[Termination "normal"]
[Board "3"]
[WhiteElo "1939"]
[BlackElo "2024"]
[PlyCount "87"]
[WhiteFideId "24692050"]
[BlackFideId "24672319"]
[EventCountry "GER"]
[EventRounds "9"]
[EventType "swiss"]
[EventDate "2010.05.22"]

1. d4 Nf6 2. c4 g6 3. Nc3 Bg7 4. e4 d6 5. f3 O-O 6. Be3 Nbd7 7. Qd2 a6 8. Bd3
c5 9. Nge2 Qc7 10. O-O b6 11. Rfc1 e5 12. Nd5 Nxd5 13. cxd5 exd4 14. Nxd4 Ne5
15. Rab1 Qe7 16. Ne2 f5 17. Bg5 Qf7 18. Bc2 b5 19. b3 Bd7 20. Re1 Rae8 21. Ng3
b4 22. h4 fxe4 23. Nxe4 Nxf3+ 24. gxf3 Qxf3 25. Qg2 Bd4+ 26. Kh1 Qxg2+ 27. Kxg2
Bf5 28. Nf6+ Bxf6 29. Rxe8 Rxe8 30. Bxf5 Bxg5 31. Be6+ Rxe6 32. dxe6 Bxh4 33.
Rd1 Be7 34. Rf1 Bg5 35. Rf7 h6 36. Rd7 Kf8 37. Rxd6 Ke7 38. Rc6 Bf4 39. Rxc5
Bd6 40. Ra5 Kxe6 41. Rxa6 Kd5 42. Kf3 h5 43. Ra5+ Ke6 44. Rb5 1/2-1/2